000 01121cab a2200265 4500
001 ABS60014
008 090401t1999 xxu||||| |||| 00| 0 eng d
035 _a(Sirsi) u91020
041 _aeng
100 _aHall, B.
245 _aStaying on the ball for redevelopment
260 _c1999
350 _a0
490 _aProperty Week
_v64(4) 29 January 1999, 40(1)
520 _aDiscusses the recent case "Thames Water Utilities v Oxford City Council and Oxford United Football Club" which has created uncertainty over the overriding of restrictive covenants under the Town and Country Planning Act 1990 s237. If the decision in the case is upheld, it could hinder the devlopment of land backed by local authorities.
650 _aDEVELOPMENT
650 _aLOCAL AUTHORITIES
650 _aR V CORPORATION OF LONDON LBC EX P MYSTERY OF THE BARBERS OF LONDON
650 _aRESTRICTIVE COVENANTS
650 _aTHAMES WATER UTILITIES V OXFORD CITY COUNCIL AND OXFORD UNITED FC
650 _aTOWN AND COUNTRY PLANNING ACT 1990 S237
690 _aPLANNING LAW AND PRACTICE
942 _n0
948 _c02/02/1999
999 _c57753
_d57753